000
00180 a2200097 4500
020
_a
090129003990
041
_a
eng
100
_a
Anna Seweel
245
_a
Black Beauty
942
_c
BK
999
_c
29037
_d
29035